The allocation of economic resources

সংরক্ষণ করুন:
গ্রন্থ-পঞ্জীর বিবরন
প্রধান লেখক: Abramovitz, Moses (Author), Alchian, Armen (Author), Arrow, Kenneth J (Author), Baran, Paul A (Author), Cartwright, Philip W (Author), Chenery, Hollis B (Author), Hilton, George W (Author), Houthakker, Hendrik S (Author), Lindblom, Charles E (Author), Reder, Melvin W (Author), Scitovsky, Tibor (Author), Shaw, E. S (Author), Tarshis, Lorie (Author)
বিন্যাস: গ্রন্থ
ভাষা:ইংরেজি
প্রকাশিত: Stanford Stanford University Press 1959
বিষয়গুলি:
ট্যাগগুলো: ট্যাগ যুক্ত করুন
কোনো ট্যাগ নেই, প্রথমজন হিসাবে ট্যাগ করুন!

MARC

LEADER 00000nam a2200000 a 4500
001 UCR8056
003 CL-VaPUC
008 980519e19590000US |||||||||||||||||eng|d
082 0 4 |a 338.5  |b ABR  |2 21 
100 0 |a Abramovitz, Moses  |e author  |9 409691 
700 0 |a Alchian, Armen  |e author  |9 409692 
700 0 |a Arrow, Kenneth J  |e author  |9 409693 
700 0 |a Baran, Paul A  |e author  |9 409694 
700 0 |a Cartwright, Philip W  |e author  |9 409695 
700 0 |a Chenery, Hollis B  |e author  |9 409696 
700 0 |a Hilton, George W  |e author  |9 409697 
700 0 |a Houthakker, Hendrik S  |e author  |9 409698 
700 0 |a Lindblom, Charles E  |e author  |9 409699 
700 0 |a Reder, Melvin W  |e author  |9 409700 
700 0 |a Scitovsky, Tibor  |e author  |9 409701 
700 0 |a Shaw, E. S  |e author  |9 409702 
700 0 |a Tarshis, Lorie  |e author  |9 409703 
245 1 4 |a The allocation of economic resources 
300 |a 244 p 
942 |c BK 
945 |d 19980519 00:00:00  |a crobeson 
260 |a Stanford  |b Stanford University Press  |c 1959 
650 0 |a Producción   |9 263680 
650 7 |a RECURSOS ECONOMICOS  |2 CL-VaPUC  |9 314744 
650 7 |a INGRESO NACIONAL  |2 CL-VaPUC  |9 334289 
650 7 |a TEORIA DE LOS PRECIOS  |2 CL-VaPUC  |9 409183 
650 7 |a ECONOMIA DEL TRABAJO  |2 CL-VaPUC  |9 320317 
650 0 |a Impuestos  |9 255450 
650 0 |a Comercio  |9 255341 
650 0 |a Crecimiento económico   |9 314037 
583 |a last modification  |c 19980519 00:00:00  |k Rodrigo Vera 
999 |c 269622  |d 269620